00461nam a2200157Ia 4500008004100000020002200041041000800063082001400071100001000085245003000095250000800125260003100133300001200164999002100176952010600197260216s2018 xx 000 0 und d a978-1-108-47439-9 aeng a618.2 JAM aJames aHigh-Risk Pregnancy vol-1 a4th bCambridge Universityc2018 av-1084P c1216130d1216130 00104070aPHSbPHSd2026-02-16g4497.50l0o618.2 JAMpPHS-734r2026-02-16 00:00:00w2026-02-16yBK